书目信息 |
| 题名: |
摄影滤光器与影调调节
|
|
| 作者: | 刘国典 著 | |
| 分册: | ||
| 出版信息: | 北京 中国电影出版社 1984.5 |
|
| 页数: | 113页 | |
| 开本: | 20cm | |
| 丛书名: | ||
| 单 册: | ||
| 中图分类: | TB851 | |
| 科图分类: | ||
| 主题词: | 摄影--机具 , 摄影--设备 | |
| 电子资源: | ||
| ISBN: | ||
| 000 | 00578nam0 2200205 45 | |
| 001 | 0312221749 | |
| 005 | 20031222170909.4 | |
| 010 | @dCNY0.88 | |
| 100 | @a20031222d1984 km y0chiy0120 ea | |
| 101 | @achi | |
| 105 | @a z 000yy | |
| 200 | 1 | @a摄影滤光器与影调调节@AShe Ying Lu Guang Qi Yu Ying Tiao Diao Jie@f刘国典著@FLiu Guo Dian Zhu |
| 210 | @a北京@c中国电影出版社@d1984.5 | |
| 215 | @a113页@d20cm | |
| 606 | 0 | @a摄影@x机具 |
| 606 | 0 | @a摄影@x设备 |
| 690 | @aTB851@v3 | |
| 701 | 0 | @a刘国典@4著 |
| 801 | @aCN@bTSTCL@c20031222 | |
| 905 | @a213230@dTB851@e59@b119623-624@f2 | |
| 摄影滤光器与影调调节/刘国典著.-北京:中国电影出版社,1984.5 |
| 113页;20cm |
| ISBN :CNY0.88 |
| ● |
| 相关链接 |
|
|
|
|
正题名:摄影滤光器与影调调节
索取号:TB851/59
 
预约/预借
| 序号 | 登录号 | 条形码 | 馆藏地/架位号 | 状态 | 备注 |
| 1 | 0119623 | 001360501 | 第三借阅区/ [索取号:TB851/59] | 在馆 | |
| 2 | 0119624 | 001360547 | 第二样本阅览室/ [索取号:TB851/59] | 在馆 |